000 00672cam a22002172 4500
001 0000021544
005 20151217155910.0
008 120719s xx 000 0 eng d
020 _a9966805386 :
040 _aKABU
_cKABU
100 1 _aNgewa, Samuel.
_@0000148889
245 1 0 _a1 & 2 Timothy and Titus /
_cSamuel Ngewa.
250 _a1st ed.
260 _aGrand Rapids, MI :
_bZondervan,
_c2009.
300 _axxii, 466 p.
650 0 _aBible. N. T. Timothy
_xCommentaries.
_@0000182500
650 0 _aBible. N. T. Titus
_xCommentaries.
_@0000182501
852 1 _9p1090 KES
908 _a120719
950 _@1
999 _c13841
_d13841